00632 2200205 4500001002100000005001500021035002000036007000300056008004100059020002200100082001100122084001700133100002100150245011500171250001000286260004900296300003500345650003300380990001300413INLIS00000000000062420171011110208 a0010-1017000178ta171011 f 0 ind  a978-979-3471-80-8 a297.32 a297.32 TJH k0 aTjharsyah, Adnan1 aKeajaiban Shalat Bagi Kesehatan :bMeraih manfaat shalat secara medis, klinis, dan psikologi /cAdnan Tharsyah aCet.1 aJakarta Selatan :bSenayan Publishing,c2007 a240hlm :bilus ;c15 x 23,5 cm aSembahyang, Kesehatan, Islam a1071 063